000 00438nam a2200181Ia 4500
001 1909
005 20260306143803.0
008 260306t2011||||xx |||||||||||||| ||spa||
041 _aESP
082 _a158.1
_bM14
100 _aMadanes, Yechezkel
_eAUT
245 0 _aFrom stuckness to growth:
_benneagram coaching
260 _c2011
300 _a209 páginas :
_c23 cm.
650 _aGEN
654 _aCPS
942 _cLIB
_dJUS
_fJUS
_2ddc
_n
999 _c1909
_d1909